Statistics for Crowded House albums

Click here to take the quiz!

General Stats

  • This quiz has been taken 26 times
  • The average score is 4 of 7

Answer Stats

YearAlbum% Correct
1991Woodface
100%
1986Crowded House
73%
1988Temple of Low Men
55%
1994Together Alone
55%
2007Time on Earth
36%
1999Afterglow
32%
2010Intruiger
14%

Score Distribution

Percentile by Number Answered

Percent of People with Each Score

Your Score History

You have not taken this quiz